[Event "Domloup op-A"]
[Site "Domloup"]
[Date "2013.08.30"]
[Round "1"]
[White "Gutscher, Marc Andre"]
[Black "Andre, Philippe"]
[Result "1/2-1/2"]
[WhiteElo "2005"]
[BlackElo "1792"]
[PlyCount "126"]
[EventDate "2013.08.30"]
[EventType "swiss"]
[EventRounds "5"]
[EventCountry "FRA"]
[SourceTitle "CBM 156 Extra"]
[Source "ChessBase"]
[SourceDate "2013.10.22"]
[SourceVersion "1"]
[SourceVersionDate "2013.10.22"]
[SourceQuality "1"]

1. e4 e6 2. d4 d5 3. e5 c5 4. c3 Nc6 5. Nf3 Qb6 6. a3 c4 7. Be2 Qb3 8. Qxb3 cxb3 9. Nbd2 Na5 10. Bd1 Bd7 11. Nxb3 Nxb3 12. Bxb3 Bb5 13. a4 Ba6 14. Bd1 Rc8 15. Be2 Bc4 16. Nd2 Bxe2 17. Kxe2 f6 18. f4 Be7 19. Nf3 h5 20. Be3 Nh6 21. Nh4 Kf7 22. g3 Ng4 23. Nf3 a5 24. h3 Nh6 25. Kd3 Rhg8 26. Rag1 Rc4 27. b3 Rc6 28. Rc1 Nf5 29. Bf2 Ba3 30. Rc2 Rgc8 31. Ra1 Bf8 32. c4 Rb6 33. Rb1 dxc4+ 34. Rxc4 Rxc4 35. Kxc4 Rb4+ 36. Kd3 b5 37. Be1 bxa4 38. Bxb4 Bxb4 39. bxa4 Nxg3 40. Rxb4 axb4 41. a5 b3 42. Kc3 Ne2+ 43. Kxb3 Nxf4 44. Kc4 Ke7 45. Kc5 Kd7 46. Kb6 Kc8 47. h4 Kb8 48. Kc6 Ka7 49. Kd7 Ka6 50. Ke7 Kxa5 51. exf6 gxf6 52. Kxf6 Kb5 53. Ke5 Nd3+ 54. Kxe6 Kc4 55. Kf6 Kd5 56. Kf5 Nf2 57. Kg5 Ke4 58. Kxh5 Kxf3 59. d5 Kf4 60. Kg6 Ke5 61. h5 Ng4 62. Kg5 Kxd5 63. Kxg4 Ke6 1/2-1/2

[Event "Domloup op-A"]
[Site "Domloup"]
[Date "2013.08.30"]
[Round "2"]
[White "Seite, Sullian"]
[Black "Gutscher, Marc Andre"]
[Result "0-1"]
[WhiteElo "1551"]
[BlackElo "2005"]
[PlyCount "74"]
[EventDate "2013.08.30"]
[EventType "swiss"]
[EventRounds "5"]
[EventCountry "FRA"]
[SourceTitle "CBM 156 Extra"]
[Source "ChessBase"]
[SourceDate "2013.10.22"]
[SourceVersion "1"]
[SourceVersionDate "2013.10.22"]
[SourceQuality "1"]

1. c4 Nf6 2. Nc3 g6 3. g3 Bg7 4. Bg2 0-0 5. Nf3 d6 6. d4 Nc6 7. 0-0 Bg4 8. h3 Bxf3 9. Bxf3 Nd7 10. e3 e5 11. d5 Ne7 12. e4 f5 13. Bg2 f4 14. b4 a5 15. Ba3 axb4 16. Bxb4 b6 17. a4 g5 18. a5 Ng6 19. axb6 Rxa1 20. Qxa1 Nxb6 21. c5 Nc8 22. cxd6 Nxd6 23. Na4 f3 24. Bh1 Rf7 25. Nc5 Qf6 26. Qb1 h5 27. Rc1 g4 28. hxg4 hxg4 29. Ne6 Ne8 30. Ba5 Bf8 31. Qb8 Nd6 32. Qb1 Rh7 33. Nxf8 Rxh1+ 34. Kxh1 Qh8+ 35. Nh7 Qxh7+ 36. Kg1 Qh3 37. Qb8+ Nf8 0-1

[Event "Brest op"]
[Site "Brest"]
[Date "2010.04.04"]
[Round "3.8"]
[White "Gutscher, Marc Andre"]
[Black "Bertrand, Benjamin"]
[Result "1-0"]
[WhiteElo "1699"]
[BlackElo "1650"]
[PlyCount "61"]
[EventDate "2010.04.03"]
[EventType "swiss"]
[EventRounds "7"]
[EventCountry "FRA"]
[SourceTitle "EXT 2014"]
[Source "ChessBase"]
[SourceDate "2013.11.20"]
[SourceVersion "1"]
[SourceVersionDate "2013.11.20"]
[SourceQuality "1"]

1. e4 c5 2. Nf3 Nc6 3. d4 cxd4 4. Nxd4 Nf6 5. Nc3 d6 6. Bc4 e6 7. Bb3 Be7 8. Be3 0-0 9. f3 e5 10. Nde2 Be6 11. Qd2 Nb4 12. 0-0-0 Bxb3 13. cxb3 Rc8 14. Kb1 a6 15. a3 Nc6 16. g4 Na5 17. Ka2 b5 18. g5 Nd7 19. Nd5 Nb7 20. Rc1 Rb8 21. Nb4 Ra8 22. Nc3 Qe8 23. Ncd5 Bd8 24. Nc7 Bxc7 25. Rxc7 Ndc5 26. Nd5 Qe6 27. b4 Na4 28. Rxb7 Qh3 29. Rc1 Qxf3 30. Qd3 Qg2 31. Rc2 1-0